000 01278cam a2200325 ic4500
999 _c11809
_d11809
001 vtls000977589
003 NUKAT
005 20181009111140.0
008 070928s1976 pl f d |000 0 pol c
035 _azz2007955753
039 9 _a201507080119
_bVLOAD
_c201507070135
_dVLOAD
_c201505011525
_dkopumk
_c201410011600
_dvuepozn
040 _aWA U/94ANK
_cWA U/ANK
_dWA U/ANK
_dGL 001/JK
041 0 _apol
_aeng
245 0 0 _aSłownik angielsko-polski z zakresu informatyki.
_nT. 1 /
_c[oprac. Józef Bohdanowicz ; kom. red. Andrzej Idźkiewicz et al.] ; Ośrodek Badawczo-Rozwojowy Informatyki.
260 _aWarszawa :
_bOBRI Dział Wydawnictw,
_c1976.
300 _aXXIX, [1], 290 s. ;
_c20 cm.
504 _aBibliogr. s. VII-XIV.
650 _aInformatyka
_vsłowniki polskie.
650 _aInformatyka
_vsłowniki angielskie.
700 1 _aBohdanowicz, Józef.
_eOprac.
700 1 _aIdźkiewicz, Andrzej Z.
_eRed.
710 2 _aOśrodek Badawczo-Rozwojowy Informatyki.
_bDział Wydawnictw.
_4pbl
942 _2ddc
_cBK